Associez chaque Pokémon à son type - Clic Quiz - Statistiques

Statistiques générales
  • Ce quiz a été pris 123 fois
  • Le résultat moyen est 14 sur 18
Statistiques - réponses
Hint Réponse % Correct
Férosinge Combat
91%
Noctali Ténèbres
90%
Tauros Normal
89%
Germignon Plante
89%
Goupix Feu
88%
Oniglali Glace
86%
Psykokwak Eau
85%
Pharamp Electrik
84%
Chrysacier Insecte
83%
Qulbutoké Psy
80%
Feuforêve Spectre
80%
Coupenotte Dragon
77%
Nidoran Poison
75%
Groudon Sol
74%
Boréas Vol
72%
Togepi Fée
68%
Simularbre Roche
68%
Miaouss de Galar Acier
57%
Aucun quiz correspondant
Distribution des résultats
% des personnes avec chaque résultat
Percentile par nombre de réponses
Votre historique - résultats
Vous n’avez pas pris ce quiz